<?xml version="1.0" encoding="UTF-8"?>
<collection xmlns="http://www.loc.gov/MARC21/slim">
 <record>
  <leader>01926nam a22002537a 4500</leader>
  <controlfield tag="001">NCT_102357</controlfield>
  <controlfield tag="008">220316b        xxu||||| |||| 00| 0 vie d</controlfield>
  <datafield tag="999" ind1=" " ind2=" ">
   <subfield code="c">5148</subfield>
   <subfield code="d">5148</subfield>
  </datafield>
  <datafield tag="020" ind1=" " ind2=" ">
   <subfield code="a">9786046032489</subfield>
   <subfield code="c">130000</subfield>
  </datafield>
  <datafield tag="082" ind1="0" ind2="4">
   <subfield code="2">23rd ed.</subfield>
   <subfield code="a">660.62</subfield>
   <subfield code="b">T120</subfield>
  </datafield>
  <datafield tag="100" ind1="1" ind2=" ">
   <subfield code="a">Trần Minh Tâm</subfield>
  </datafield>
  <datafield tag="245" ind1="1" ind2="0">
   <subfield code="a">Công nghệ vi sinh ứng dụng</subfield>
   <subfield code="c">Trần Minh Tâm, Đàm Sao Mai</subfield>
  </datafield>
  <datafield tag="260" ind1=" " ind2=" ">
   <subfield code="a">H.</subfield>
   <subfield code="b">Nông nghiệp</subfield>
   <subfield code="c">2021</subfield>
  </datafield>
  <datafield tag="300" ind1=" " ind2=" ">
   <subfield code="a">255 tr.</subfield>
   <subfield code="b">Minh họa</subfield>
   <subfield code="c">24cm</subfield>
  </datafield>
  <datafield tag="520" ind1="3" ind2=" ">
   <subfield code="a">Cung cấp những kiến thức cơ bản về lịch sử phát triển của công nghệ vi sinh và ý nghĩa của nó trong đời sống; tổng hợp protein và các axitt amin bằng phương pháp vi sinh; công nghệ lên men vi sinh; quá trình thuỷ phân protein bằng công nghệ vi sinh; ứng dụng công nghệ vi sinh trong nông nghiệp, xử lý nước thải, sản xuất và ứng dụng biogas và trong khai thác dầu mỏ.</subfield>
  </datafield>
  <datafield tag="653" ind1=" " ind2=" ">
   <subfield code="a">Công nghệ thực phẩm</subfield>
  </datafield>
  <datafield tag="700" ind1="1" ind2=" ">
   <subfield code="a">Đàm Sao Mai</subfield>
  </datafield>
  <datafield tag="942" ind1=" " ind2=" ">
   <subfield code="2">ddc</subfield>
   <subfield code="c">BK</subfield>
  </datafield>
  <datafield tag="952" ind1=" " ind2=" ">
   <subfield code="0">0</subfield>
   <subfield code="1">0</subfield>
   <subfield code="2">ddc</subfield>
   <subfield code="4">0</subfield>
   <subfield code="6">660_620000000000000_T120</subfield>
   <subfield code="7">0</subfield>
   <subfield code="9">22572</subfield>
   <subfield code="a">000001</subfield>
   <subfield code="b">000001</subfield>
   <subfield code="d">2022-03-16</subfield>
   <subfield code="o">660.62 T120</subfield>
   <subfield code="p">MD.19282</subfield>
   <subfield code="r">2022-03-16</subfield>
   <subfield code="v">130000.00</subfield>
   <subfield code="w">2022-03-16</subfield>
   <subfield code="y">BK</subfield>
  </datafield>
  <datafield tag="952" ind1=" " ind2=" ">
   <subfield code="0">0</subfield>
   <subfield code="1">0</subfield>
   <subfield code="2">ddc</subfield>
   <subfield code="4">0</subfield>
   <subfield code="6">660_620000000000000_T120</subfield>
   <subfield code="7">0</subfield>
   <subfield code="9">22573</subfield>
   <subfield code="a">000001</subfield>
   <subfield code="b">000001</subfield>
   <subfield code="d">2022-03-16</subfield>
   <subfield code="o">660.62 T120</subfield>
   <subfield code="p">MD.19283</subfield>
   <subfield code="r">2022-03-16</subfield>
   <subfield code="v">130000.00</subfield>
   <subfield code="w">2022-03-16</subfield>
   <subfield code="y">BK</subfield>
  </datafield>
  <datafield tag="952" ind1=" " ind2=" ">
   <subfield code="0">0</subfield>
   <subfield code="1">0</subfield>
   <subfield code="2">ddc</subfield>
   <subfield code="4">0</subfield>
   <subfield code="6">660_620000000000000_T120</subfield>
   <subfield code="7">0</subfield>
   <subfield code="9">22574</subfield>
   <subfield code="a">000001</subfield>
   <subfield code="b">000001</subfield>
   <subfield code="d">2022-03-16</subfield>
   <subfield code="o">660.62 T120</subfield>
   <subfield code="p">MD.19284</subfield>
   <subfield code="r">2022-03-16</subfield>
   <subfield code="v">130000.00</subfield>
   <subfield code="w">2022-03-16</subfield>
   <subfield code="y">BK</subfield>
  </datafield>
  <datafield tag="952" ind1=" " ind2=" ">
   <subfield code="0">0</subfield>
   <subfield code="1">0</subfield>
   <subfield code="2">ddc</subfield>
   <subfield code="4">0</subfield>
   <subfield code="6">660_620000000000000_T120</subfield>
   <subfield code="7">0</subfield>
   <subfield code="9">22575</subfield>
   <subfield code="a">000001</subfield>
   <subfield code="b">000001</subfield>
   <subfield code="d">2022-03-16</subfield>
   <subfield code="o">660.62 T120</subfield>
   <subfield code="p">MD.19285</subfield>
   <subfield code="r">2022-03-16</subfield>
   <subfield code="v">130000.00</subfield>
   <subfield code="w">2022-03-16</subfield>
   <subfield code="y">BK</subfield>
  </datafield>
  <datafield tag="952" ind1=" " ind2=" ">
   <subfield code="0">0</subfield>
   <subfield code="1">0</subfield>
   <subfield code="2">ddc</subfield>
   <subfield code="4">0</subfield>
   <subfield code="6">660_620000000000000_T120</subfield>
   <subfield code="7">0</subfield>
   <subfield code="9">22576</subfield>
   <subfield code="a">000001</subfield>
   <subfield code="b">000001</subfield>
   <subfield code="d">2022-03-16</subfield>
   <subfield code="o">660.62 T120</subfield>
   <subfield code="p">MD.19286</subfield>
   <subfield code="r">2022-03-16</subfield>
   <subfield code="v">130000.00</subfield>
   <subfield code="w">2022-03-16</subfield>
   <subfield code="y">BK</subfield>
  </datafield>
  <datafield tag="980" ind1=" " ind2=" ">
   <subfield code="a">Thư viện Trường Đại học Nam Cần Thơ</subfield>
  </datafield>
 </record>
</collection>
